Отзвук звонких струн скрипичных. Захар Шапиро (Запись № 11142116)

Подробности
000 -МАРКЕР
контрольное поле 02043nam0a2200313 i 4500
001 - ИДЕНТИФИКАТОР ЗАПИСИ
контрольное поле RU\NLR\BIBL_A\011332451
005 - ИДЕНТИФИКАТОР ВЕРСИИ
контрольное поле 20260407053018.0
010 ## - МЕЖДУНАРОДНЫЙ СТАНДАРТНЫЙ НОМЕР КНИГИ (ISBN)
Номер (ISBN) 9785767723645
Тираж 100
021 ## - НОМЕР ГОСУДАРСТВЕННОЙ РЕГИСТРАЦИИ
Код страны Российская Федерация
Номер 2017-4535
Номер Листа государственной регистраци 319
035 ## - ДРУГИЕ СИСТЕМНЫЕ НОМЕРА
Идентификатор записи (NLR Aleph) 011332451
100 ## - ДАННЫЕ ОБЩЕЙ ОБРАБОТКИ
Данные общей обработки 20170221d2016 u y0rusy50 ca
101 0# - ЯЗЫК РЕСУРСА
Язык текста, звукозаписи и т.д. русский
102 ## - СТРАНА ПУБЛИКАЦИИ ИЛИ ПРОИЗВОДСТВА
Страна публикации Российская Федерация
105 ## - ПОЛЕ КОДИРОВАННЫХ ДАННЫХ: ТЕКСТОВЫЕ МАТЕРИАЛЫ, МОНОГРАФИЧЕСКИЕ
Кодированные данные о монографическом текстовом документе ac z 000zy
200 1# - ЗАГЛАВИЕ И СВЕДЕНИЯ ОБ ОТВЕТСТВЕННОСТИ
Основное заглавие Отзвук звонких струн скрипичных. Захар Шапиро
Сведения, относящиеся к заглавию биографический очерк и воспоминания
Первые сведения об ответственности Министерство культуры, по делам национальностей и архивного дела Чувашской Республики, Бюджетное профессиональное образовательное учреждение "Чебоксарское музыкальное училище им. Ф.П. Павлова" Минкультуры Чувашии
Последующие сведения об ответственности [составители: М.З. Хазантун, Л.П. Казанцева
-- редакционная коллегия: С.В. Белоус, канд. пед. наук, доцент, засл. работник культуры Республики Марий Эл и др.]
210 ## - ПУБЛИКАЦИЯ, РАСПРОСТРАНЕНИЕ И ДР.
Место издания, распространения и т.д. Чебоксары
Имя издателя, распространителя и т. д. [б.и.]
Дата издания, распространения и т.д. 2016
215 ## - ФИЗИЧЕСКАЯ ХАРАКТЕРИСТИКА
Специфическое обозначение материала и объем 101, [1] c.
Другие сведения о физической характеристике ил., портр.
Размеры 20
600 #1 - ИМЯ ЛИЦА КАК ПРЕДМЕТ
Начальный элемент ввода Шапиро
Часть имени, кроме начального элемента ввода З.З.
Даты 1940 - 2015
Расширение инициалов личного имени Захар Зиновьевич
Формальный подзаголовок Воспоминания, записки и т.п
Системный номер авторитетной/нормативной записи 2318712
Идентификатор авторитетной/нормативной записи RU\NLR\AUTH\6601612346
686 1# - ИНДЕКСЫ ДРУГИХ КЛАССИФИКАЦИЙ
Индекс Щ313(2Р-Чув)7-83Шапиро
702 #1 - ИМЯ ЛИЦА - ВТОРИЧНАЯ ОТВЕТСТВЕННОСТЬ
Начальный элемент ввода Хазантун
Часть имени, кроме начального элемента ввода М.З.
Код отношения Составитель
702 #1 - ИМЯ ЛИЦА - ВТОРИЧНАЯ ОТВЕТСТВЕННОСТЬ
Начальный элемент ввода Шапиро
Часть имени, кроме начального элемента ввода З.З.
Даты 1940-2015
Расширение инициалов личного имени Захар Зиновьевич
Код отношения Прочие
702 #1 - ИМЯ ЛИЦА - ВТОРИЧНАЯ ОТВЕТСТВЕННОСТЬ
Начальный элемент ввода Белоус
Часть имени, кроме начального элемента ввода С. В.
Расширение инициалов личного имени Светлана Владимировна
Код отношения Редактор
712 02 - НАИМЕНОВАНИЕ ОРГАНИЗАЦИИ - ВТОРИЧНАЯ ОТВЕТСТВЕННОСТЬ
Код отношения Прочие
Начальный элемент ввода Чебоксарское музыкальное училище им. Ф. П. Павлова
Идентификатор авторитетной/нормативной записи RU\NLR\AUTH\8810022838
Системный номер авторитетной/нормативной записи 543694
942 ## - ДОПОЛНИТЕЛЬНЫЕ ЭЛЕМЕНТЫ ЗАПИСИ (АБИС)
Тип экземпляра АБИС Книга
980 ## - КОЛЛЕКЦИЯ
Название коллекции НБР

Нет доступных экземпляров.